| 000 | 00511nam a2200157 i 4500 | ||
|---|---|---|---|
| 001 | 141229 | ||
| 003 | ES-MaACL | ||
| 005 | 20230906200241.0 | ||
| 007 | t| | ||
| 008 | 070920s1971 xxu ||||1| spa d | ||
| 100 | 1 |
_aVivas Maldonado, José Luis. _9115559 |
|
| 245 | 1 | 2 |
_aA vellón las esperanzas o Melania _b: (cuentos de un puertorriqueño en New York) / _cJosé Luis Vivas Maldonado. |
| 260 |
_a[New York] : _bLas Américas, _c[1971] |
||
| 300 |
_a117 p. ; _c21 cm. |
||
| 852 |
_aES-MaACL _jC-45135 _bR.79870 |
||
| 999 |
_c141229 _d141229 |
||